| 000 | 00519nam a22002057a 4500 | ||
|---|---|---|---|
| 005 | 20260603125327.0 | ||
| 008 | 260603b |||||||| |||| 00| 0 eng d | ||
| 020 |
_a9789353949037 _c740.00 |
||
| 040 | _aMAIN | ||
| 041 | _aEnglish | ||
| 082 |
_a621.3815 _bGAY |
||
| 100 |
_aGayakwad, Ramakant A. _99795 |
||
| 245 | _aOp Amps and Linear Integrated Circuits | ||
| 250 | _a4th | ||
| 260 |
_aNoida _bPearson _c2025 |
||
| 300 | _a613 | ||
| 650 |
_aPhysics (PM USHA _926699 |
||
| 700 |
_aRekha, S. _926996 |
||
| 942 | _cBK | ||
| 999 |
_c60974 _d60974 |
||